000 00445nam a2200169Ia 4500
003 OSt
005 20260310101923.0
040 _cLC
050 _aHF 5691 .J 64 1985
100 _aJOHNSON A THOMAS
245 0 _aINSTRUCTOR'S EDITION BUSINESS MATH TODAY
260 _aDUBUQUE,
_bWM. BROWN PUBLISHERS,
_c1985,
300 _aViii, 401 P, ILL
650 _aBusiness mathematics
700 _aLISSY CAROLE SHEPARD,SEECK JAMES K
942 _cBK
_2lcc
999 _c84091
_d84091